000 00374cam a22001217a 4500
008 180718b1956 xxu||||| |||| 00| 0 eng d
082 _aT19 M931
100 _aMuranjan, S.K.
245 _aReflections on economics growth and progress
_cby S.K. Muranjan
260 _aPoona
_bGokhale Institute Of Politics and Economics
_c1956
300 _a24p.
650 _aEconomic Conditions
999 _c374641
_d374641